Paroles Ember - Tip Stevens - Statistiques

Statistiques générales
  • Ce quiz a été pris 90 fois
  • Le résultat moyen est 203 sur 262
Statistiques - réponses
Lyrics % Correct
a
100%
I
100%
it
100%
it)
100%
the
100%
The
100%
you
100%
You
100%
an
97%
have
94%
if
94%
we
94%
And
91%
and
91%
(And
91%
To
91%
to
91%
do
89%
feel
89%
I'll
89%
switch
86%
well
86%
build
83%
(Cause
83%
cause
83%
Cause
83%
could
83%
in
83%
in)
83%
is
83%
need
83%
rest
83%
ember
80%
keep
80%
positions
80%
forest
77%
me
77%
would
77%
coziest
74%
darkest
74%
I'm
74%
know
74%
know,
74%
my
74%
ocean
74%
pure
74%
want
74%
can
71%
cross
71%
deserve
71%
lantern
71%
return
71%
be
69%
deepest
69%
hurting
69%
light
69%
our
69%
practice
69%
shaking
69%
sins
69%
so
69%
(so
69%
spark
69%
help
66%
love
66%
arm
63%
gave
63%
hear
63%
home
63%
simply
63%
strongest
63%
your
63%
ashes
60%
feelings
60%
hitting
60%
Made
60%
of
60%
protected)
60%
purest
60%
saw
60%
storm
60%
dry
57%
hard
57%
killed
57%
try
57%
blew
54%
ceiling
54%
glass
54%
heart
54%
knew
54%
rain
54%
steady
54%
thought
54%
too
54%
hidden
51%
learn
51%
meanings
51%
Oh,
51%
trust
51%
walls
51%
We'd
51%
blow
49%
cave
49%
drop
49%
I'd
49%
not
49%
single
49%
Brighten
46%
ignited
46%
banging
43%
Enlight
43%
how
43%
live
43%
stain
43%
breath
40%
drink
40%
again
37%
coziest
37%
feed
37%
fire's
31%
Aucun quiz correspondant
Distribution des résultats
% des personnes avec chaque résultat
Percentile par nombre de réponses
Votre historique - résultats
Vous n’avez pas pris ce quiz